Boys book of things to do (Record no. 24549)

MARC details
000 -LEADER
fixed length control field 00380nam a2200145Ia 4500
005 - DATE AND TIME OF LATEST TRANSACTION
control field 20240821151439.0
008 - FIXED-LENGTH DATA ELEMENTS--GENERAL INFORMATION
fixed length control field 240821s9999||||xx |||||||||||||| ||und||
082 ## - DEWEY DECIMAL CLASSIFICATION NUMBER
Classification number 745.5 SHA
100 ## - MAIN ENTRY--PERSONAL NAME
Personal name Shaw, David
245 #0 - TITLE STATEMENT
Title Boys book of things to do
260 ## - PUBLICATION, DISTRIBUTION, ETC.
Place of publication, distribution, etc. London
Name of publisher, distributor, etc. Ward Lock and Co.
Date of publication, distribution, etc. 196
300 ## - PHYSICAL DESCRIPTION
Extent 256p
650 ## - SUBJECT ADDED ENTRY--TOPICAL TERM
Topical term or geographic name entry element Arts, Crafts, Music, Sports and Recreations
942 ## - ADDED ENTRY ELEMENTS (KOHA)
Koha item type Book

No items available.